Elementele Tabelului Periodic - Statistics

General Stats
  • This quiz has been taken 33 times
  • The average score is 28 of 118
Answer Stats
# Symbol Element % Correct
1 H Hidrogen
94%
8 O Oxigen
94%
6 C Carbon
81%
11 Na Sodiu
75%
47 Ag Argint
69%
7 N Azot
69%
26 Fe Fier
69%
15 P Fosfor
69%
79 Au Aur
63%
20 Ca Calciu
63%
17 Cl Clor
63%
19 K Potasiu
63%
35 Br Brom
56%
2 He Heliu
56%
53 I Iod
56%
12 Mg Magneziu
56%
80 Hg Mercur
56%
4 Be Beriliu
50%
24 Cr Crom
50%
29 Cu Cupru
50%
3 Li Litiu
50%
13 Al Aluminiu
44%
25 Mn Mangan
44%
30 Zn Zinc
44%
18 Ar Argon
38%
84 Po Poloniu
38%
88 Ra Radiu
38%
14 Si Siliciu
38%
16 S Sulf
38%
95 Am Americiu
31%
5 B Bor
31%
99 Es Einsteiniu
31%
9 F Fluor
31%
87 Fr Franciu
31%
32 Ge Germaniu
31%
10 Ne Neon
31%
34 Se Seleniu
31%
22 Ti Titan
31%
92 U Uraniu
31%
23 V Vanadiu
31%
56 Ba Bariu
25%
55 Cs Cesiu
25%
36 Kr Kripton
25%
78 Pt Platină
25%
86 Rn Radon
25%
54 Xe Xenon
25%
39 Y Ytriu
25%
33 As Arsen
19%
85 At Astatin
19%
98 Cf Californiu
19%
96 Cm Curiu
19%
110 Ds Darmstadtiu
19%
101 Md Mendeleviu
19%
115 Mc Moscoviu
19%
28 Ni Nichel
19%
94 Pu Plutoniu
19%
38 Sr Stronțiu
19%
52 Te Telur
19%
89 Ac Actiniu
13%
112 Cn Coperniciu
13%
63 Eu Europiu
13%
31 Ga Galiu
13%
57 La Lantan
13%
118 Og Oganesson
13%
46 Pd Paladiu
13%
82 Pb Plumb
13%
37 Rb Rubidiu
13%
21 Sc Scandiu
13%
74 W Wolfram
13%
40 Zr Zirconiu
13%
97 Bk Berkeliu
6%
83 Bi Bismut
6%
107 Bh Bohriu
6%
48 Cd Cadmiu
6%
58 Ce Ceriu
6%
27 Co Cobalt
6%
66 Dy Disprosiu
6%
105 Db Dubniu
6%
68 Er Erbiu
6%
100 Fm Fermiu
6%
114 Fl Fleroviu
6%
64 Gd Gadoliniu
6%
72 Hf Hafniu
6%
108 Hs Hassiu
6%
67 Ho Holmiu
6%
49 In Indiu
6%
77 Ir Iridiu
6%
103 Lr Lawrenciu
6%
116 Lv Livermoriu
6%
71 Lu Lutețiu
6%
109 Mt Meitneriu
6%
42 Mo Molibden
6%
60 Nd Neodim
6%
93 Np Neptuniu
6%
113 Nh Nihoniu
6%
41 Nb Niobiu
6%
102 No Nobeliu
6%
76 Os Osmiu
6%
59 Pr Praseodim
6%
61 Pm Promețiu
6%
91 Pa Protactiniu
6%
75 Re Reniu
6%
45 Rh Rodiu
6%
111 Rg Roentgeniu
6%
44 Ru Ruteniu
6%
104 Rf Rutherfordiu
6%
62 Sm Samariu
6%
106 Sg Seaborgiu
6%
50 Sn Staniu
6%
51 Sb Stibiu
6%
81 Tl Taliu
6%
73 Ta Tantal
6%
43 Tc Technețiu
6%
117 Ts Tennessin
6%
65 Tb Terbiu
6%
90 Th Thoriu
6%
69 Tm Tuliu
6%
70 Yb Yterbiu
6%
No matching quizzes found
Score Distribution
Percent of People with Each Score
Percentile by Number Answered
Your Score History
You have not taken this quiz